| 000 | 00555nam a2200205 a 4500 | ||
|---|---|---|---|
| 001 | 2570 | ||
| 003 | CDMR | ||
| 005 | 20151026134202.0 | ||
| 008 | 130130s1980||||||||||||||||||||||||||||d | ||
| 020 | _a8474422132 | ||
| 024 |
_2DL _aB341351980 |
||
| 040 |
_aCDMR _bcat _cCPC GIRONA |
||
| 100 | 1 |
_aSecanella, Petra María _9768 |
|
| 245 | 1 | 0 |
_aLid, fórmula inicial de la noticia _cPetra Mª Secanella |
| 260 |
_c1981 _bATE _aBarcelona |
||
| 300 | _a128 p. | ||
| 490 | 0 | _aTextos de periodismo | |
| 650 |
_93772 _aPeriodisme--Manuals d'estil |
||
| 942 |
_cMON _2udc |
||
| 999 |
_c2570 _d2570 |
||